[Event "Ceske sachove vanoce 2004"]
[Site "Litomysl"]
[Date "2004.12.28"]
[Round "4.17"]
[White "Stodolova, Kristyna"]
[Black "Groetz, Harald"]
[Result "0-1"]
[WhiteElo "2024"]
[BlackElo "2299"]
[PlyCount "38"]
[EventDate "2004.12.26"]

1. d4 Nf6 2. c4 c5 3. d5 b5 4. e4 Nxe4 5. Qf3 Qa5+ 6. Nc3 Nxc3 7. bxc3 d6 8.
Bf4 g6 9. Qe3 Bg7 10. Kd2 Qa3 11. Rc1 O-O 12. Nf3 Bf5 13. Bd3 Bxd3 14. Kxd3
bxc4+ 15. Kd2 Nd7 16. Qxe7 Nb6 17. Bxd6 Qb2+ 18. Rc2 Bxc3+ 19. Kd1 Qb1+ 0-1

[Event "Ceske sachove vanoce 2004"]
[Site "Litomysl"]
[Date "2004.12.28"]
[Round "4.18"]
[White "Walentukiewicz, Michal"]
[Black "Jedlicka, Ales"]
[Result "1/2-1/2"]
[WhiteElo "1994"]
[BlackElo "2266"]
[PlyCount "43"]
[EventDate "2004.12.26"]

1. g3 e5 2. Bg2 Nf6 3. c4 Nc6 4. Nc3 g6 5. e4 Bg7 6. Nge2 O-O 7. O-O d6 8. d3
Nd7 9. Rb1 a5 10. a3 Nc5 11. b4 axb4 12. axb4 Ne6 13. b5 Ncd4 14. Nxd4 Nxd4 15.
Be3 Be6 16. Bxd4 exd4 17. Ne2 Qd7 18. Nf4 Ra3 19. Ra1 Rfa8 20. Rxa3 Rxa3 21.
Qc1 Ra5 22. Nxe6 1/2-1/2

[Event "Ceske sachove vanoce 2004"]
[Site "Litomysl"]
[Date "2004.12.28"]
[Round "4.19"]
[White "Vyskocil, Neklan"]
[Black "Sochor, Stanislav"]
[Result "1-0"]
[WhiteElo "2300"]
[BlackElo "2133"]
[PlyCount "51"]
[EventDate "2004.12.26"]

1. d4 d5 2. c4 e6 3. Nc3 Nf6 4. Nf3 Be7 5. e3 O-O 6. Be2 dxc4 7. Bxc4 c5 8. O-O
Nc6 9. a3 a6 10. Bd3 b5 11. dxc5 b4 12. Na4 e5 13. Qc2 Bg4 14. Ng5 h6 15. Nh7
Re8 16. Nxf6+ Bxf6 17. Bh7+ Kh8 18. Be4 Rc8 19. Nb6 Rc7 20. Nd5 Rb7 21. Qa4 Bd7
22. Qxa6 Rb8 23. Nxb4 Re6 24. Rd1 Nd4 25. exd4 exd4 26. Qd3 1-0

[Event "Ceske sachove vanoce 2004"]
[Site "Litomysl"]
[Date "2004.12.28"]
[Round "4.29"]
[White "Preiser, Henrik"]
[Black "Amberger, Dieter"]
[Result "1/2-1/2"]
[WhiteElo "1973"]
[BlackElo "2100"]
[PlyCount "59"]
[EventDate "2004.12.26"]

1. e4 e5 2. Nf3 Nc6 3. Bb5 a6 4. Bxc6 dxc6 5. d4 exd4 6. Qxd4 Qxd4 7. Nxd4 Bd7
8. O-O O-O-O 9. Be3 Re8 10. Nd2 c5 11. N4b3 b6 12. Rfe1 f5 13. exf5 Bxf5 14.
Bg5 Rxe1+ 15. Rxe1 Nf6 16. c3 Bd6 17. Nc4 Kd7 18. f3 Re8 19. Rxe8 Nxe8 20. Kf2
h6 21. Nxd6 cxd6 22. Bh4 d5 23. Ke3 Bb1 24. a3 Nd6 25. Nd2 Nf5+ 26. Kf2 Bd3 27.
Bg3 Kc6 28. Be5 g6 29. g4 Nd6 30. Ke3 1/2-1/2

[Event "Ceske sachove vanoce 2004"]
[Site "Litomysl"]
[Date "2004.12.29"]
[Round "5.2"]
[White "Kanovsky, David"]
[Black "Neuman, Petr"]
[Result "1/2-1/2"]
[WhiteElo "2392"]
[BlackElo "2433"]
[PlyCount "52"]
[EventDate "2004.12.26"]

1. Nf3 Nf6 2. g3 g6 3. Bg2 Bg7 4. O-O O-O 5. d4 d5 6. c4 c6 7. cxd5 cxd5 8. Ne5
Ne4 9. Nd2 Nxd2 10. Bxd2 e6 11. Rc1 Nd7 12. Bc3 f6 13. Nd3 f5 14. Qd2 b6 15.
Nf4 Nf6 16. Bb4 Re8 17. Nd3 a5 18. Ba3 Ne4 19. Qe3 Ba6 20. f3 Nd6 21. b3 Bb5
22. Ne5 a4 23. Bb4 axb3 24. axb3 Ra2 25. Rfe1 Bf8 26. Bf1 Qb8 1/2-1/2

[Event "Ceske sachove vanoce 2004"]
[Site "Litomysl"]
[Date "2004.12.29"]
[Round "5.3"]
[White "Novak, Pavel"]
[Black "Stocek, Jiri"]
[Result "1/2-1/2"]
[WhiteElo "2338"]
[BlackElo "2569"]
[PlyCount "83"]
[EventDate "2004.12.26"]

1. e4 c5 2. Nf3 d6 3. d4 cxd4 4. Nxd4 Nf6 5. Nc3 g6 6. Bc4 Bg7 7. O-O O-O 8.
Re1 Bg4 9. f3 Bd7 10. Be3 Nc6 11. Qd2 Ne5 12. Bb3 Rc8 13. Qe2 a6 14. h3 b5 15.
f4 Nc4 16. Bxc4 Rxc4 17. Rad1 Qa8 18. Bf2 Rfc8 19. e5 Nh5 20. e6 Nxf4 21. exf7+
Kh8 22. Qf3 Qxf3 23. Nxf3 b4 24. Nd5 Nxd5 25. Rxd5 Bf6 26. Bd4 Rxd4 27. Nxd4
Kg7 28. Re2 Kxf7 29. Nf3 h6 30. b3 Bb5 31. Red2 Ke6 32. a4 bxa3 33. c4 Be8 34.
Nd4+ Kf7 35. Ra5 e5 36. Ne2 Rc6 37. Rxa3 Bd7 38. Rda2 Bc8 39. Nc3 Bd8 40. Nd5
a5 41. Rf2+ Kg7 42. Ra1 {111moves} 1/2-1/2

[Event "Ceske sachove vanoce 2004"]
[Site "Litomysl"]
[Date "2004.12.29"]
[Round "5.4"]
[White "Manik, Mikulas"]
[Black "Kotan, Ladislav"]
[Result "0-1"]
[WhiteElo "2510"]
[BlackElo "2332"]
[PlyCount "61"]
[EventDate "2004.12.26"]

1. e4 e5 2. Nf3 Nc6 3. Bb5 Bc5 4. O-O Nd4 5. Nxd4 Bxd4 6. c3 Bb6 7. d4 c6 8.
Bc4 d6 9. dxe5 dxe5 10. Qf3 Qf6 11. Qg3 h6 12. Nd2 Ne7 13. Bb3 Ng6 14. Nc4 Bc7
15. a4 O-O 16. a5 Be6 17. Nd2 Nf4 18. Re1 Rad8 19. Bc2 Rd7 20. Nf1 Nh5 21. Qe3
b6 22. g3 Rfd8 23. b4 Bh3 24. Nd2 bxa5 25. bxa5 Bd6 26. Nc4 Bc5 27. Qxc5 Qf3
28. Ne3 Nf4 29. Qc4 Rd2 30. Bxd2 Rxd2 31. Rf1 0-1

[Event "Ceske sachove vanoce 2004"]
[Site "Litomysl"]
[Date "2004.12.29"]
[Round "5.5"]
[White "Holemar, David"]
[Black "Votava, Jan"]
[Result "0-1"]
[WhiteElo "2326"]
[BlackElo "2505"]
[PlyCount "63"]
[EventDate "2004.12.26"]

1. d4 Nf6 2. c4 g6 3. Nc3 d5 4. e3 Bg7 5. Qb3 e6 6. Qa3 c6 7. Nf3 a5 8. cxd5
exd5 9. Bd3 b5 10. Qb3 a4 11. Qc2 O-O 12. O-O Nbd7 13. Bd2 Bb7 14. b3 a3 15.
Rad1 Re8 16. e4 b4 17. e5 bxc3 18. exf6 Nxf6 19. Bxc3 Ne4 20. Ba1 Re6 21. Rfe1
Qe7 22. Ne5 c5 23. Nf3 Rc8 24. Qb1 c4 25. Bxe4 dxe4 26. d5 c3 27. Nd4 Re5 28.
Qc2 Rxd5 29. Ne2 e3 30. Nxc3 Rxd1 31. Rxd1 exf2+ 32. Qxf2 0-1

[Event "Ceske sachove vanoce 2004"]
[Site "Litomysl"]
[Date "2004.12.29"]
[Round "5.7"]
[White "Kantorik, Marian"]
[Black "Zawadzki, Stanislaw"]
[Result "0-1"]
[WhiteElo "2324"]
[BlackElo "2398"]
[PlyCount "142"]
[EventDate "2004.12.26"]

1. d4 d5 2. c4 e6 3. Nc3 c6 4. e3 Bd6 5. Bd3 Nd7 6. f4 dxc4 7. Bxc4 Ngf6 8. Nf3
b5 9. Bd3 Bb7 10. O-O b4 11. Na4 c5 12. dxc5 Nxc5 13. Bb5+ Ke7 14. Nd4 Rc8 15.
Bd2 Nce4 16. Rc1 Rxc1 17. Qxc1 Nxd2 18. Qxd2 Qa8 19. Rd1 Rd8 20. Bc4 g6 21. Qe2
Kf8 22. Bxe6 Re8 23. Qc4 Bxg2 24. Bxf7 Bh3 25. Nc6 Re4 26. Qa6 Be7 27. Bc4 Rxe3
28. Bf1 Bxf1 29. Kxf1 Re6 30. Rc1 Nd5 31. Nc5 Bxc5 32. Rxc5 Qe8 33. Qd3 Nxf4
34. Qd2 Rf6 35. Rc2 Nh5+ 36. Kg1 Rxc6 37. Qxb4+ Kg8 38. Qb3+ Kh8 39. Rxc6 Qxc6
40. Qb8+ Kg7 41. Qxa7+ Kh6 42. Qe3+ Kg7 43. Qa7+ Kg8 44. Qb8+ Kf7 45. Qa7+ Kf6
46. Qd4+ Kf5 47. Qd3+ Kg5 48. Qd8+ Kg4 49. Qd1+ Kg5 50. Qd8+ Nf6 51. Qd2+ Kf5
52. Qf2+ Ke6 53. Qe2+ Kf7 54. a3 g5 55. Qd2 Ne4 56. Qd4 Qc5 57. Qxc5 Nxc5 58.
b4 Na4 59. Kf2 Kf6 60. b5 h5 61. Kg3 Ke5 62. Kf3 Kd4 63. h3 Nb6 64. Kf2 Ke4 65.
Ke2 Kf4 66. Kf2 g4 67. hxg4 hxg4 68. Kg2 g3 69. Kg1 Kf3 70. Kf1 g2+ 71. Kg1 Na4
0-1

[Event "Ceske sachove vanoce 2004"]
[Site "Litomysl"]
[Date "2004.12.29"]
[Round "5.8"]
[White "Bernasek, Jan"]
[Black "Cernousek, Lukas"]
[Result "1-0"]
[WhiteElo "2384"]
[BlackElo "2343"]
[PlyCount "96"]
[EventDate "2004.12.26"]

1. e4 d5 2. exd5 Qxd5 3. Nf3 Bg4 4. Be2 c5 5. Nc3 Qd6 6. O-O Nc6 7. Nb5 Qd7 8.
d4 Bxf3 9. Bxf3 Nxd4 10. Nxd4 cxd4 11. c3 e6 12. Qb3 Ne7 13. Qxb7 Qxb7 14. Bxb7
Rb8 15. Bf3 dxc3 16. bxc3 Nd5 17. Rd1 Nb6 18. Bc6+ Ke7 19. a4 Kf6 20. a5 Nc4
21. Ra4 Ne5 22. Rf4+ Kg6 23. Be4+ f5 24. Bc2 Kf6 25. Be3 Nc6 26. Ra4 Be7 27. a6
Rb2 28. Rc1 Rd8 29. h4 Rd5 30. Rc4 Nb8 31. Ra4 Bc5 32. Bg5+ Kf7 33. c4 Rd6 34.
Ra5 Bd4 35. Rb5 Rxa6 36. Rxb2 Bxb2 37. Rb1 Ra1 38. Rxa1 Bxa1 39. Be3 Nc6 40.
Ba4 Nd4 41. c5 Ke7 42. Bg5+ Kf7 43. c6 Nxc6 44. Bxc6 e5 45. Be3 a6 46. Bd2 Bd4
47. Bb7 f4 48. Bxa6 h6 1-0

[Event "Ceske sachove vanoce 2004"]
[Site "Litomysl"]
[Date "2004.12.29"]
[Round "5.9"]
[White "Groetz, Harald"]
[Black "Luch, Michal"]
[Result "0-1"]
[WhiteElo "2299"]
[BlackElo "2364"]
[PlyCount "104"]
[EventDate "2004.12.26"]

1. e4 c5 2. Nf3 d6 3. d4 cxd4 4. Nxd4 Nf6 5. Nc3 a6 6. Bc4 e6 7. O-O b5 8. Bb3
Be7 9. Qf3 Qb6 10. Bg5 Nbd7 11. Rad1 O-O 12. Qg3 Kh8 13. Rfe1 Bb7 14. Be3 Qa5
15. f3 Nc5 16. Nce2 Qc7 17. Nf4 Bc8 18. Nd3 e5 19. Nf5 Bxf5 20. exf5 Nxb3 21.
cxb3 a5 22. Qf2 Qb7 23. g4 e4 24. fxe4 Nxg4 25. Qf3 Nxe3 26. Rxe3 Bf6 27. Re2
a4 28. bxa4 Rxa4 29. a3 Re8 30. Nb4 Raa8 31. Rd5 Rac8 32. Kg2 Rc4 33. Qd3 h6
34. Kf3 Qc8 35. Rc2 Bxb2 36. Rxb5 Rxc2 37. Nxc2 Be5 38. Kg2 Qd8 39. Qe3 Qh4 40.
h3 Rc8 41. Nb4 Rc3 42. Nd3 Rxa3 43. Rb4 Qh5 44. Rc4 Qd1 45. Nf2 Qa1 46. Qc1
Rg3+ 47. Kh1 Qa2 48. Rc2 Qb3 49. Qd1 Kh7 50. Rd2 Qe3 51. Qe2 Qf4 52. Rd3 Re3
0-1

[Event "Ceske sachove vanoce 2004"]
[Site "Litomysl"]
[Date "2004.12.29"]
[Round "5.10"]
[White "Sabol, Marian"]
[Black "Blazkova, Petra"]
[Result "1-0"]
[WhiteElo "2358"]
[BlackElo "2214"]
[PlyCount "53"]
[EventDate "2004.12.26"]

1. e4 e6 2. d4 d5 3. e5 c5 4. c3 Nc6 5. Nf3 Qb6 6. Be2 cxd4 7. cxd4 Nh6 8. b3
Nf5 9. Bb2 Bb4+ 10. Kf1 O-O 11. g4 Nh6 12. Rg1 f6 13. exf6 Rxf6 14. g5 Rxf3 15.
Bxf3 Nf5 16. Rg4 Bd7 17. Kg2 Rf8 18. Nc3 Ncxd4 19. Nxd5 exd5 20. Rxd4 Bc5 21.
Bxd5+ Be6 22. Re4 Nh4+ 23. Kh1 Bf7 24. Rxh4 Bxf2 25. Rf4 Be3 26. Rxf7 Rxf7 27.
Qf3 1-0

[Event "Ceske sachove vanoce 2004"]
[Site "Litomysl"]
[Date "2004.12.29"]
[Round "5.12"]
[White "Kovalev, Andrei"]
[Black "Bartel, Michal"]
[Result "1-0"]
[WhiteElo "2575"]
[BlackElo "2202"]
[PlyCount "47"]
[EventDate "2004.12.26"]

1. e4 e5 2. Nf3 Nc6 3. Bb5 a6 4. Ba4 Nf6 5. d3 d6 6. c3 g6 7. O-O Bg7 8. Re1
O-O 9. Bg5 h6 10. Bh4 g5 11. Bg3 Nh5 12. Nxe5 Nxe5 13. Bxe5 dxe5 14. Qxh5 Qxd3
15. Na3 Qd2 16. Nc4 Qf4 17. Bd1 Be6 18. g3 Qf6 19. Ne3 Rad8 20. Bb3 Rd2 21. Re2
Rfd8 22. Nd5 R2xd5 23. exd5 Bxd5 24. Rd2 1-0

[Event "Ceske sachove vanoce 2004"]
[Site "Litomysl"]
[Date "2004.12.29"]
[Round "5.13"]
[White "Velicka, Petr"]
[Black "Masek, Miroslav"]
[Result "1-0"]
[WhiteElo "2427"]
[BlackElo "2200"]
[PlyCount "79"]
[EventDate "2004.12.26"]

1. e4 e6 2. d4 d5 3. Nd2 Nf6 4. e5 Nfd7 5. Bd3 c5 6. c3 Nc6 7. Ne2 cxd4 8. cxd4
f6 9. exf6 Nxf6 10. Nf3 Bd6 11. O-O Qc7 12. Bg5 O-O 13. Rc1 Bd7 14. Ng3 Bf4 15.
Bxf4 Qxf4 16. Re1 Rac8 17. a3 Kh8 18. Bb5 Ne4 19. Bxc6 Rxc6 20. Rxc6 Bxc6 21.
Qc1 Qf6 22. Qe3 Rd8 23. Ne5 Nxg3 24. hxg3 Rd6 25. g4 Be8 26. Rc1 Bc6 27. g5 Qe7
28. g6 Kg8 29. Nf7 hxg6 30. Nxd6 Qxd6 31. Qg5 Kh7 32. Rc3 Be8 33. Rh3+ Kg8 34.
Qh4 Qc6 35. Qh8+ Kf7 36. Rf3+ Ke7 37. Qxg7+ Kd8 38. Rc3 Qb6 39. Qf6+ Kd7 40. b4
1-0

[Event "Ceske sachove vanoce 2004"]
[Site "Litomysl"]
[Date "2004.12.29"]
[Round "5.14"]
[White "Splosnov, Sergei"]
[Black "Walentukiewicz, Michal"]
[Result "1-0"]
[WhiteElo "2367"]
[BlackElo "1994"]
[PlyCount "129"]
[EventDate "2004.12.26"]

1. Nf3 d6 2. d4 g6 3. g3 Bg7 4. c4 c5 5. Bg2 cxd4 6. Nxd4 Nf6 7. O-O O-O 8. Nc3
Na6 9. b3 Nc5 10. Bb2 Qb6 11. e3 Bd7 12. Qe2 Bc6 13. Rad1 Bxg2 14. Kxg2 a5 15.
Ba3 a4 16. b4 Nce4 17. Nxe4 Nxe4 18. Qd3 Nf6 19. Rc1 Rfc8 20. Rfd1 h5 21. Nf3
Ng4 22. h3 Ne5 23. Nxe5 Bxe5 24. Qe4 Qc6 25. Qxc6 Rxc6 26. b5 Rc7 27. c5 dxc5
28. Rxc5 Rxc5 29. Bxc5 Ra5 30. Rd5 Bd6 31. Bxd6 exd6 32. a3 Kf8 33. Rxd6 Rxb5
34. Rd8+ Kg7 35. Ra8 Rb3 36. Rxa4 b5 37. Rb4 Rxa3 38. Rxb5 Ra7 39. Kf3 Re7 40.
Rd5 Ra7 41. e4 Ra3+ 42. Kf4 Ra7 43. Rd6 Ra2 44. f3 Ra7 45. g4 hxg4 46. hxg4 Rb7
47. e5 Rb4+ 48. Ke3 Rb5 49. Ke4 Rb4+ 50. Rd4 Rb7 51. f4 Ra7 52. f5 gxf5+ 53.
gxf5 Rb7 54. Rd8 Rb4+ 55. Kd5 Rb1 56. Kd6 Rb6+ 57. Ke7 Rb7+ 58. Rd7 Rb5 59. Kd6
Kf8 60. Rc7 Ra5 61. e6 fxe6 62. fxe6 Ra1 63. Rc8+ Kg7 64. e7 Rd1+ 65. Kc6 1-0

[Event "Ceske sachove vanoce 2004"]
[Site "Litomysl"]
[Date "2004.12.29"]
[Round "5.15"]
[White "Karlik, Vladimir"]
[Black "Vinklarek, Ondrej"]
[Result "1-0"]
[WhiteElo "2332"]
[BlackElo "2055"]
[PlyCount "129"]
[EventDate "2004.12.26"]

1. e4 c6 2. d3 d5 3. Nd2 e5 4. Ngf3 Nd7 5. g3 Bd6 6. Bg2 Ne7 7. O-O O-O 8. Re1
d4 9. a4 b6 10. Nh4 a6 11. Rf1 Rb8 12. Nc4 Qc7 13. Nxd6 Qxd6 14. f4 c5 15. Bd2
b5 16. b3 Bb7 17. Bh3 exf4 18. gxf4 c4 19. axb5 axb5 20. bxc4 bxc4 21. Ra5 cxd3
22. cxd3 Ra8 23. Rg5 Ra2 24. Bxd7 Qxd7 25. Bb4 Qh3 26. Nf3 Re8 27. Rg3 Qh6 28.
Bd2 Qb6 29. f5 Ba6 30. Bf4 Qb2 31. Nd2 Rc8 32. Qg4 g6 33. f6 Nc6 34. Qg5 Qb4
35. Rh3 Qf8 36. Bd6 Ra5 37. Qh4 Rh5 38. Qxh5 gxh5 39. Rg3+ Kh8 40. Bxf8 Rxf8
41. Rf5 h4 42. Rg4 Bxd3 43. Rc5 Nb4 44. Rxh4 Rg8+ 45. Kf2 Rg6 46. Rc8+ Rg8 47.
Rxg8+ Kxg8 48. Rg4+ Kf8 49. Rg7 h6 50. Rh7 Ke8 51. Rxh6 Kd7 52. Rh4 Ke6 53. Nb3
Kxf6 54. Nxd4 Kg5 55. Nf3+ Kg6 56. Rg4+ Kh6 57. Ne5 f6 58. Nxd3 Nxd3+ 59. Ke3
Ne5 60. Rg3 Kh7 61. Kf4 Nc4 62. Rg1 Kh6 63. Rc1 Nb2 64. Kf5 Nd3 65. Rc6 1-0

[Event "Ceske sachove vanoce 2004"]
[Site "Litomysl"]
[Date "2004.12.29"]
[Round "5.16"]
[White "Ruzicka, Milan"]
[Black "Vyskocil, Neklan"]
[Result "1-0"]
[WhiteElo "2069"]
[BlackElo "2300"]
[PlyCount "51"]
[EventDate "2004.12.26"]

1. d4 Nf6 2. Nf3 g6 3. c4 Bg7 4. Nc3 d5 5. cxd5 Nxd5 6. e4 Nxc3 7. bxc3 O-O 8.
Be2 b6 9. Rb1 Bb7 10. Qd3 e6 11. O-O Qe7 12. Bg5 Qa3 13. Qc2 Qd6 14. Rfd1 Nc6
15. Qd2 Na5 16. e5 Qa3 17. c4 Be4 18. Rbc1 Rfe8 19. Rc3 Qf8 20. Qf4 Bb7 21. Bf6
Bxf6 22. exf6 Bxf3 23. Rxf3 c6 24. Rh3 Rad8 25. Rh6 Kh8 26. Rd3 1-0

[Event "Ceske sachove vanoce 2004"]
[Site "Litomysl"]
[Date "2004.12.29"]
[Round "5.19"]
[White "Bakalar, Jan"]
[Black "Michenka, Josef"]
[Result "0-1"]
[WhiteElo "2068"]
[BlackElo "2350"]
[PlyCount "92"]
[EventDate "2004.12.26"]

1. d4 Nf6 2. e3 d5 3. Bd3 g6 4. f4 Bg7 5. Nf3 Bf5 6. Bxf5 gxf5 7. Qd3 Qc8 8. c4
dxc4 9. Qxc4 Nbd7 10. b4 Ne4 11. Bb2 a5 12. a3 Nb6 13. Qb3 a4 14. Qd3 O-O 15.
Nbd2 Qe6 16. O-O Qd5 17. Rac1 c6 18. Ng5 Nxd2 19. Rc5 Qd6 20. Qxd2 h6 21. Nf3
Qe6 22. Qd3 Nd5 23. Bc1 Rfd8 24. Nh4 Qe4 25. Qxe4 fxe4 26. g4 e6 27. Kh1 Bf6
28. Ng2 Be7 29. Rc2 f5 30. Ne1 Kf7 31. gxf5 exf5 32. Rg2 Rg8 33. Rxg8 Rxg8 34.
Bd2 Nb6 35. Ng2 Nc4 36. Bc1 Ke6 37. Rf2 Kd5 38. Rc2 h5 39. Ne1 h4 40. h3 Rg3
41. Kh2 Nxe3 42. Re2 Nf1+ 43. Kh1 Rc3 44. Rc2 Kc4 45. Kg2 Rxc2+ 46. Nxc2 Kd3
0-1

[Event "Ceske sachove vanoce 2004"]
[Site "Litomysl"]
[Date "2004.12.29"]
[Round "5.23"]
[White "Schirmbeck, Hannes"]
[Black "Stodolova, Kristyna"]
[Result "1/2-1/2"]
[WhiteElo "2139"]
[BlackElo "2024"]
[PlyCount "82"]
[EventDate "2004.12.26"]

1. e4 Nf6 2. e5 Nd5 3. d4 d6 4. Nf3 Nb6 5. Nc3 g6 6. Be2 Bg7 7. O-O O-O 8. Bg5
dxe5 9. dxe5 Qxd1 10. Raxd1 Nc6 11. Nb5 Bg4 12. Nxc7 Rac8 13. Nd5 Nxd5 14. Rxd5
Nxe5 15. c3 e6 16. Rd2 Nxf3+ 17. gxf3 Bh3 18. Rfd1 h6 19. Be7 Rfe8 20. Rd7 e5
21. Rxb7 Rb8 22. Rxb8 Rxb8 23. Rd8+ Rxd8 24. Bxd8 Kf8 25. Ba6 Be6 26. Bc7 Bxa2
27. Bb8 Bd5 28. Kg2 g5 29. Bxa7 g4 30. Bc5+ Ke8 31. Be2 f5 32. b4 Kd7 33. Kg3
gxf3 34. Bxf3 e4 35. Be2 Bxc3 36. f4 exf3 37. Bxf3 Be5+ 38. Kg2 Bxf3+ 39. Kxf3
Bxh2 40. b5 h5 41. Bf2 Kc8 1/2-1/2

[Event "Ceske sachove vanoce 2004"]
[Site "Litomysl"]
[Date "2004.12.29"]
[Round "5.26"]
[White "Babijczuk, Pawel"]
[Black "Batyte, Daiva"]
[Result "0-1"]
[WhiteElo "1976"]
[BlackElo "2130"]
[PlyCount "82"]
[EventDate "2004.12.26"]

1. e4 e5 2. Nf3 Nf6 3. d3 Nc6 4. Nbd2 d5 5. Be2 Bc5 6. O-O Bb6 7. c3 O-O 8. b4
d4 9. b5 dxc3 10. bxc6 cxd2 11. Qxd2 Re8 12. Bb2 bxc6 13. Nxe5 Ba6 14. Nxc6 Qd6
15. e5 Ne4 16. exd6 Nxd2 17. Rfe1 cxd6 18. Nb4 Bb7 19. Rad1 a5 20. Nc2 a4 21.
Bc1 Nb1 22. Bb2 Rec8 23. Nd4 Nc3 24. Bxc3 Rxc3 25. Nb5 Rc2 26. Nxd6 Bd5 27. a3
Ba5 28. Rc1 Ra2 29. Nc4 Bxe1 30. Rxe1 Bxc4 31. Bf3 Rc8 32. dxc4 Kf8 33. Bb7 Rc7
34. Ba6 Rxa3 35. Bb5 Re7 36. Rd1 Rd3 37. Ra1 a3 38. c5 Rb3 39. Ba6 Ra7 40. Be2
a2 41. c6 Rb1+ 0-1

[Event "Ceske sachove vanoce 2004"]
[Site "Litomysl"]
[Date "2004.12.30"]
[Round "6.4"]
[White "Zawadzki, Stanislaw"]
[Black "Plischki, Sebastian"]
[Result "1/2-1/2"]
[WhiteElo "2398"]
[BlackElo "2346"]
[PlyCount "89"]
[EventDate "2004.12.26"]

1. e4 c6 2. d4 d5 3. e5 Bf5 4. Nc3 e6 5. g4 Bg6 6. Nge2 c5 7. Be3 Nc6 8. dxc5
h5 9. Nd4 a6 10. Nxc6 bxc6 11. Qd4 hxg4 12. O-O-O Be7 13. Be2 Bf5 14. Qa4 Qc7
15. Bf4 Bxc5 16. Bxg4 Bxf2 17. Rd3 Qb6 18. Nd1 Ne7 19. Nxf2 Qxf2 20. Rd2 Qb6
21. Bg5 Rb8 22. c3 Be4 23. Re1 Nf5 24. Bxf5 Bxf5 25. h4 O-O 26. h5 Kh7 27. Be7
Rg8 28. b3 c5 29. Bd6 Rbd8 30. Qf4 d4 31. cxd4 c4 32. Re3 Rc8 33. Bc5 Rxc5 34.
dxc5 Qxc5 35. bxc4 Rb8 36. Rb3 Rb4 37. Rxb4 Qxb4 38. Kd1 Qc3 39. Ke2 Qh3 40.
Kf2 Qxh5 41. Kg1 g5 42. Qh2 Bh3 43. Qg3 Kg6 44. c5 Bf5 45. Qe3 1/2-1/2

[Event "Ceske sachove vanoce 2004"]
[Site "Litomysl"]
[Date "2004.12.30"]
[Round "6.5"]
[White "Luch, Michal"]
[Black "Kanovsky, David"]
[Result "1-0"]
[WhiteElo "2364"]
[BlackElo "2392"]
[PlyCount "73"]
[EventDate "2004.12.26"]

1. d4 Nf6 2. c4 e6 3. Nc3 d5 4. cxd5 exd5 5. Bg5 Be7 6. e3 Nbd7 7. Bd3 c6 8.
Qc2 O-O 9. Nge2 Re8 10. O-O Nf8 11. f3 h6 12. Bh4 N6h7 13. Bxe7 Qxe7 14. e4
dxe4 15. fxe4 Bg4 16. Ng3 Rad8 17. Qf2 Qf6 18. Bc4 Re7 19. d5 Qxf2+ 20. Rxf2 b5
21. Bb3 b4 22. Na4 cxd5 23. exd5 Ng6 24. h3 Bd7 25. d6 Re5 26. Bxf7+ Kh8 27.
Bxg6 Bxa4 28. Bxh7 Kxh7 29. Rd2 Ra5 30. Rc1 Ra6 31. Ne4 Bd7 32. Rc7 Bf5 33. Ng3
Be6 34. d7 Kg8 35. Ne4 Rxa2 36. Nc5 Ra4 37. Kh2 1-0

[Event "Ceske sachove vanoce 2004"]
[Site "Litomysl"]
[Date "2004.12.30"]
[Round "6.7"]
[White "Stocek, Jiri"]
[Black "Karlik, Vladimir"]
[Result "1-0"]
[WhiteElo "2569"]
[BlackElo "2332"]
[PlyCount "75"]
[EventDate "2004.12.26"]

1. c4 Nf6 2. Nc3 g6 3. d4 Bg7 4. e4 d6 5. h3 O-O 6. Nf3 Na6 7. Bf4 Qe8 8. e5
Nd7 9. exd6 cxd6 10. d5 Nc7 11. a4 a5 12. Be2 Nc5 13. Rc1 b6 14. O-O Bb7 15.
Re1 Qd7 16. Ng5 h6 17. Nge4 f5 18. Nxc5 bxc5 19. h4 Rf7 20. Qd2 Kh7 21. Nb5 Ne8
22. Bf3 Qd8 23. Re3 Bc8 24. Rce1 Nf6 25. Qc2 Ng4 26. Re6 Ne5 27. Bxe5 Bxe5 28.
h5 Bxe6 29. hxg6+ Kxg6 30. dxe6 Rf8 31. Bxa8 Qxa8 32. Nc7 Qb7 33. Nd5 Qxb2 34.
Nxe7+ Kg5 35. f4+ Kg4 36. Qxb2 Bxb2 37. Nd5 Bd4+ 38. Kf1 1-0

[Event "Ceske sachove vanoce 2004"]
[Site "Litomysl"]
[Date "2004.12.30"]
[Round "6.9"]
[White "Herbold, Manfred"]
[Black "Velicka, Petr"]
[Result "0-1"]
[WhiteElo "2140"]
[BlackElo "2427"]
[PlyCount "58"]
[EventDate "2004.12.26"]

1. e4 c5 2. c3 d5 3. exd5 Qxd5 4. d4 Nf6 5. Nf3 Bg4 6. Be2 Nc6 7. Be3 cxd4 8.
cxd4 e6 9. Nc3 Bb4 10. O-O Bxc3 11. bxc3 O-O 12. c4 Qd6 13. Rb1 b6 14. Rb5 Rad8
15. d5 Bxf3 16. Bxf3 Ne5 17. Be2 exd5 18. c5 Qe6 19. cxb6 d4 20. bxa7 dxe3 21.
Qxd8 exf2+ 22. Kh1 Rxd8 23. Rb8 Qd5 24. Rfb1 Nc6 25. a8=Q Nxb8 26. Qxb8 h5 27.
Qb6 Re8 28. Qxf2 Qxa2 29. Re1 Qd2 0-1

[Event "Ceske sachove vanoce 2004"]
[Site "Litomysl"]
[Date "2004.12.30"]
[Round "6.10"]
[White "Krejci, Jakub"]
[Black "Splosnov, Sergei"]
[Result "1/2-1/2"]
[WhiteElo "2257"]
[BlackElo "2367"]
[PlyCount "103"]
[EventDate "2004.12.26"]

1. e4 e5 2. Nf3 Nf6 3. Nxe5 d6 4. Nf3 Nxe4 5. d4 d5 6. Bd3 Be7 7. O-O Nc6 8. c4
Nb4 9. Be2 dxc4 10. Bxc4 O-O 11. a3 Nd6 12. Bb3 Nc6 13. Re1 Bg4 14. d5 Bxf3 15.
Qxf3 Nd4 16. Qd3 Nxb3 17. Qxb3 Bf6 18. Nc3 Qd7 19. Bf4 Rfe8 20. g3 h6 21. Rac1
Bg5 22. Bxg5 hxg5 23. Qa4 Qxa4 24. Nxa4 Rxe1+ 25. Rxe1 Re8 26. Rxe8+ Nxe8 27.
Nc5 Nd6 28. f3 Kf8 29. Kf2 Ke7 30. Ke2 b6 31. Na6 Ne8 32. Kd3 Kd6 33. Kc4 Nf6
34. Nb4 g4 35. f4 a5 36. Nc6 Nxd5 37. Ne5 Ne3+ 38. Kd3 f6 39. Kxe3 fxe5 40. Ke4
Ke6 41. fxe5 g5 42. b4 axb4 43. axb4 c6 44. Kd4 Kf5 45. b5 cxb5 46. Kd5 b4 47.
e6 Kf6 48. Kd6 b3 49. e7 b2 50. e8=Q b1=Q 51. Qf8+ Kg6 52. Qg8+ 1/2-1/2

[Event "Ceske sachove vanoce 2004"]
[Site "Litomysl"]
[Date "2004.12.30"]
[Round "6.11"]
[White "Michenka, Josef"]
[Black "Ruzicka, Milan"]
[Result "1-0"]
[WhiteElo "2350"]
[BlackElo "2069"]
[PlyCount "49"]
[EventDate "2004.12.26"]

1. d4 d5 2. c4 c6 3. Nc3 Nf6 4. e3 dxc4 5. Bxc4 e6 6. Nf3 Nbd7 7. O-O Be7 8. e4
O-O 9. Qe2 b5 10. Bd3 b4 11. Na4 Bb7 12. e5 Nd5 13. Qe4 g6 14. h4 Re8 15. h5 f5
16. exf6 N7xf6 17. Qxe6+ Kh8 18. Ne5 Qc8 19. Qxc8 Raxc8 20. hxg6 c5 21. gxh7
Nxh7 22. Ng6+ Kg7 23. Nxe7 Rxe7 24. Nxc5 Bc6 25. Bd2 1-0

[Event "Ceske sachove vanoce 2004"]
[Site "Litomysl"]
[Date "2004.12.30"]
[Round "6.12"]
[White "Novotny, Michal"]
[Black "Manik, Mikulas"]
[Result "1-0"]
[WhiteElo "2210"]
[BlackElo "2510"]
[PlyCount "75"]
[EventDate "2004.12.26"]

1. e4 c5 2. Nc3 d6 3. f4 Nc6 4. Nf3 g6 5. Bb5 Bd7 6. O-O Bg7 7. d3 e6 8. Be3
Nge7 9. Qd2 O-O 10. Rae1 a6 11. Bxc6 Bxc6 12. Nd1 b6 13. c3 f5 14. Qc2 fxe4 15.
dxe4 d5 16. Ng5 Qd7 17. Bc1 h6 18. exd5 exd5 19. Ne6 Rf7 20. Nxg7 Kxg7 21. Ne3
Raf8 22. h3 h5 23. Rd1 Qc8 24. Qe2 Kh7 25. f5 Nxf5 26. Nxf5 Rxf5 27. Qe7+ Kg8
28. Qd6 Kg7 29. Rxf5 Rxf5 30. Re1 Be8 31. Re7+ Bf7 32. Bf4 Qf8 33. Be5+ Kh7 34.
Bf6 Kg8 35. g4 hxg4 36. hxg4 Rf3 37. g5 Qc8 38. Rd7 1-0

[Event "Ceske sachove vanoce 2004"]
[Site "Litomysl"]
[Date "2004.12.30"]
[Round "6.13"]
[White "Cernousek, Lukas"]
[Black "Cerveny, Petr"]
[Result "1-0"]
[WhiteElo "2343"]
[BlackElo "2098"]
[PlyCount "55"]
[EventDate "2004.12.26"]

1. e4 e5 2. Nf3 Nc6 3. Bc4 Nf6 4. Ng5 d5 5. exd5 Na5 6. Bb5+ c6 7. dxc6 bxc6 8.
Be2 h6 9. Nf3 e4 10. Ne5 Bc5 11. c3 Bd6 12. d4 exd3 13. Nxd3 Qc7 14. Nd2 O-O
15. b4 Nb7 16. Nc4 Bxh2 17. g3 Bxg3 18. fxg3 Qxg3+ 19. Kd2 Rd8 20. Kc2 Bf5 21.
Qf1 Be4 22. Rh3 Qg6 23. Nce5 Qh7 24. Bxh6 Bf5 25. Rg3 Bxd3+ 26. Bxd3 Qxh6 27.
Rh3 Qg5 28. Rh8+ 1-0